[Event "CCM8 - 15. ORDIX Open"]
[Site "Mainz"]
[Date "2008.??.??"]
[Round "9"]
[White "Prusikin, Michael"]
[Black "Potkin, Vladimir"]
[Result "0-1"]
[WhiteElo "2538"]
[BlackElo "2636"]
[PlyCount "96"]
[EventDate "2008.??.??"]
[EventType "rapid"]
[EventRounds "11"]
[EventCountry "GER"]
[Source "Mike Rosa"]
[SourceDate "2009.01.01"]

1. d4 d5 2. c4 e6 3. Nc3 c6 4. e3 Nf6 5. Nf3 Nbd7 6. Qc2 Bd6 7. Bd3 dxc4 8.
Bxc4 O-O 9. O-O b5 10. Bd3 Bb7 11. a3 a5 12. Bd2 Rc8 13. Rfd1 b4 14. axb4 axb4
15. Ne4 Nxe4 16. Bxe4 Nf6 17. Ne5 b3 18. Qd3 Nxe4 19. Qxe4 Qc7 20. Qd3 c5 21.
Qxb3 Bd5 22. Qd3 cxd4 23. exd4 Qb7 24. Nf3 Qxb2 25. Rdb1 Qc2 26. Qxc2 Rxc2 27.
Rc1 Rfc8 28. Rxc2 Rxc2 29. Rc1 Rxc1+ 30. Bxc1 f6 31. Ne1 Kf7 32. f3 Ke7 33. Nd3
Kd7 34. Kf2 Kc6 35. h3 Kb5 36. Nf4 Kc4 37. Be3 g6 38. Ne2 Bc6 39. Nf4 Bd7 40.
Ke2 Be7 41. Nd3 Bb5 42. Kd2 g5 43. Nb2+ Kd5 44. Nd1 Bb4+ 45. Kc1 Kc4 46. Nb2+
Kb3 47. Nd1 Bf1 48. Nf2 Bxg2 0-1

[Event "CCM8 - 15. ORDIX Open"]
[Site "Mainz"]
[Date "2008.??.??"]
[Round "10"]
[White "Bareev, Evgeny"]
[Black "Markowski, Tomasz"]
[Result "1-0"]
[WhiteElo "2659"]
[BlackElo "2606"]
[PlyCount "61"]
[EventDate "2008.??.??"]
[EventType "rapid"]
[EventRounds "11"]
[EventCountry "GER"]
[Source "Mike Rosa"]
[SourceDate "2009.01.01"]

1. d4 d5 2. c4 dxc4 3. e3 Nf6 4. Bxc4 e6 5. Nf3 a6 6. O-O Nbd7 7. Re1 b5 8. Bd3
c5 9. a4 bxa4 10. Nc3 Bb7 11. Nxa4 cxd4 12. Nxd4 Bb4 13. Bd2 Bxd2 14. Qxd2 O-O
15. h3 Qe7 16. Rec1 Ne5 17. Bf1 Ne4 18. Qe1 Rad8 19. f3 Ng5 20. Qg3 Rxd4 21.
Qxe5 Rd5 22. Qc7 Rd7 23. Qg3 h6 24. h4 Nh7 25. Nc5 Rd2 26. Nd3 Rd8 27. Ra3 Rxb2
28. Rac3 Rb6 29. Rc7 Qa3 30. Rxf7 Kxf7 31. Rc7+ 1-0

[Event "CCM8 - 15. ORDIX Open"]
[Site "Mainz"]
[Date "2008.??.??"]
[Round "10"]
[White "Eljanov, Pavel"]
[Black "Almasi, Zoltan"]
[Result "1-0"]
[WhiteElo "2716"]
[BlackElo "2675"]
[PlyCount "67"]
[EventDate "2008.??.??"]
[EventType "rapid"]
[EventRounds "11"]
[EventCountry "GER"]
[Source "Mike Rosa"]
[SourceDate "2009.01.01"]

1. d4 Nf6 2. c4 e6 3. Nc3 Bb4 4. Qc2 O-O 5. e4 d5 6. e5 Ne4 7. Bd3 c5 8. Nge2
Nc6 9. cxd5 exd5 10. O-O Bxc3 11. bxc3 f5 12. exf6 Nxf6 13. dxc5 Qe7 14. Nd4
Qxc5 15. Nb5 Qb6 16. Ba3 Rd8 17. Bd6 Rd7 18. Bg3 Qd8 19. Rfe1 a6 20. Nd4 Rf7
21. Rab1 g6 22. Nxc6 bxc6 23. c4 d4 24. c5 Qd5 25. Bc4 Bf5 26. Qb3 Qd7 27.
Bxf7+ Qxf7 28. Qxf7+ Kxf7 29. Rb7+ Kg8 30. Ree7 d3 31. Rg7+ Kf8 32. Bd6+ Ke8
33. Rgf7 Nd7 34. Rbxd7 1-0

[Event "CCM8 - 15. ORDIX Open"]
[Site "Mainz"]
[Date "2008.??.??"]
[Round "10"]
[White "Glek, Igor"]
[Black "Naiditsch, Arkadij"]
[Result "0-1"]
[WhiteElo "2512"]
[BlackElo "2669"]
[PlyCount "64"]
[EventDate "2008.??.??"]
[EventType "rapid"]
[EventRounds "11"]
[EventCountry "GER"]
[Source "Mike Rosa"]
[SourceDate "2009.01.01"]

1. e4 c5 2. Nf3 d6 3. c3 Nf6 4. h3 Bd7 5. Bd3 Nc6 6. O-O Rc8 7. Re1 Ne5 8. Bf1
Bc6 9. d4 Nxf3+ 10. Qxf3 cxd4 11. cxd4 Bxe4 12. Bb5+ Bc6 13. Nc3 d5 14. Bg5 e6
15. Bxf6 Qxf6 16. Qxd5 Bb4 17. Bxc6+ Rxc6 18. Qb5 Bxc3 19. Qxb7 O-O 20. bxc3
Rxc3 21. Qxa7 Rc2 22. Rf1 g5 23. a4 Rd8 24. a5 Rxd4 25. a6 Kg7 26. Qb7 Rf4 27.
a7 Rcxf2 28. Rfd1 g4 29. hxg4 Qe5 30. a8=Q Qe3 31. Qaa7 Rxg2+ 32. Kxg2 Rf2+ 0-1

[Event "CCM8 - 15. ORDIX Open"]
[Site "Mainz"]
[Date "2008.??.??"]
[Round "10"]
[White "Mchedlishvili, Mikheil"]
[Black "Motylev, Alexander"]
[Result "1/2-1/2"]
[WhiteElo "2604"]
[BlackElo "2675"]
[PlyCount "30"]
[EventDate "2008.??.??"]
[EventType "rapid"]
[EventRounds "11"]
[EventCountry "GER"]
[Source "Mike Rosa"]
[SourceDate "2009.01.01"]

1. Nf3 d5 2. g3 c6 3. Bg2 Bg4 4. c4 Bxf3 5. Bxf3 e6 6. O-O dxc4 7. Qc2 Nd7 8.
Qxc4 Ne5 9. Qb3 Nxf3+ 10. Qxf3 Nf6 11. Nc3 Be7 12. d3 O-O 13. Bd2 Qb6 14. Rab1
Rfd8 15. Rfc1 Nd5 1/2-1/2

[Event "CCM8 - 15. ORDIX Open"]
[Site "Mainz"]
[Date "2008.??.??"]
[Round "10"]
[White "Nakamura, Hikaru"]
[Black "Polzin, Rainer"]
[Result "1-0"]
[WhiteElo "2697"]
[BlackElo "2520"]
[PlyCount "142"]
[EventDate "2008.??.??"]
[EventType "rapid"]
[EventRounds "11"]
[EventCountry "GER"]
[Source "Mike Rosa"]
[SourceDate "2009.01.01"]

1. e4 c5 2. Nf3 d6 3. d4 cxd4 4. Nxd4 Nf6 5. Nc3 g6 6. Be3 Bg7 7. f3 O-O 8. Qd2
Nc6 9. O-O-O d5 10. Qe1 e6 11. h4 Qc7 12. h5 Nxh5 13. exd5 exd5 14. Ndb5 Qg3
15. Nxd5 Qxe1 16. Rxe1 Ng3 17. Rh4 Nf5 18. Rh2 Nxe3 19. Rxe3 Bd7 20. Bc4 Ne5
21. Be2 Bxb5 22. Bxb5 Rfd8 23. Nc3 h5 24. Kb1 a6 25. Be2 Rac8 26. Rh4 Nc6 27.
a3 Nd4 28. Bd3 b5 29. g4 hxg4 30. fxg4 a5 31. Be4 Rc5 32. Bd3 b4 33. Na4 Rc6
34. axb4 axb4 35. Rh1 Ra8 36. b3 Rd6 37. Bc4 Nc6 38. Rhe1 Kf8 39. Bb5 Bf6 40.
Rf1 Ra5 41. Bxc6 Rxc6 42. Re4 Bc3 43. Rf3 Kg7 44. Kc1 Rb5 45. Nxc3 bxc3 46. Re7
Rf6 47. Rxc3 Rf4 48. Rg3 Kf6 49. Re1 Kg5 50. Reg1 Re5 51. Kb2 Ree4 52. c4 Rxg4
53. Kc3 f5 54. c5 Rxg3+ 55. Rxg3+ Kf6 56. b4 f4 57. Rd3 g5 58. c6 Re8 59. b5 g4
60. c7 g3 61. Rd8 Re3+ 62. Kb4 Re4+ 63. Ka5 Rc4 64. b6 g2 65. Rg8 f3 66. b7 f2
67. c8=Q f1=Q 68. Qd8+ Ke6 69. Rg6+ Kf5 70. Qg5+ Ke4 71. Qxg2+ Ke5 1-0

[Event "CCM8 - 15. ORDIX Open"]
[Site "Mainz"]
[Date "2008.??.??"]
[Round "10"]
[White "Ruck, Robert"]
[Black "Fressinet, Laurent"]
[Result "0-1"]
[WhiteElo "2574"]
[BlackElo "2673"]
[PlyCount "114"]
[EventDate "2008.??.??"]
[EventType "rapid"]
[EventRounds "11"]
[EventCountry "GER"]
[Source "Mike Rosa"]
[SourceDate "2009.01.01"]

1. Nf3 d5 2. d4 Nf6 3. c4 c6 4. Nc3 e6 5. Bg5 Nbd7 6. cxd5 exd5 7. e3 Be7 8.
Qc2 O-O 9. Bd3 Re8 10. O-O Nf8 11. Rab1 Ng6 12. h3 Bd6 13. Nh4 Nf8 14. Nf3 h6
15. Bf4 Bxf4 16. exf4 Ne6 17. Qd2 Ne4 18. Nxe4 dxe4 19. Bxe4 Nxd4 20. Nxd4 Rxe4
21. Rbd1 Qf6 22. Rfe1 Rxe1+ 23. Rxe1 Bd7 24. Re5 Rd8 25. Qe3 b6 26. Ne2 Be6 27.
Nc3 Qg6 28. Qf3 Bxa2 29. f5 Qf6 30. Qe3 Bd5 31. f4 Qd6 32. Kh2 Qb4 33. f6 gxf6
34. Rh5 Qxb2 35. Nxd5 cxd5 36. Rxh6 Kg7 37. Rh4 Qb4 38. Rg4+ Kf8 39. Rh4 Qd6
40. Rh8+ Kg7 41. Rh4 a5 42. Rg4+ Kf8 43. Rh4 Qe6 44. Rh8+ Ke7 45. Qa3+ Qd6 46.
Qe3+ Kd7 47. Rh7 Qe6 48. Qb3 Kc7 49. Rh6 Kb7 50. Qc3 d4 51. Qd3 Qd6 52. Qe4+
Ka7 53. Rh7 Qd5 54. Qd3 Rg8 55. g4 Rc8 56. Qe2 Rc7 57. Rh5 Qc4 0-1

[Event "CCM8 - 15. ORDIX Open"]
[Site "Mainz"]
[Date "2008.??.??"]
[Round "11"]
[White "Arutinian, David"]
[Black "Motylev, Alexander"]
[Result "0-1"]
[WhiteElo "2586"]
[BlackElo "2675"]
[PlyCount "124"]
[EventDate "2008.??.??"]
[EventType "rapid"]
[EventRounds "11"]
[EventCountry "GER"]
[Source "Mike Rosa"]
[SourceDate "2009.01.01"]

1. c4 e5 2. Nc3 Nf6 3. g3 Bb4 4. Bg2 O-O 5. e4 Bxc3 6. dxc3 a6 7. a4 a5 8. f3
d6 9. Nh3 Nbd7 10. O-O b6 11. b3 Qe7 12. Nf2 Nc5 13. Qc2 Be6 14. Nd1 b5 15.
axb5 a4 16. b4 Nb3 17. Rxa4 Bxc4 18. Rxa8 Rxa8 19. Re1 Nxc1 20. Qxc1 Qd7 21.
Ne3 Qxb5 22. Nxc4 Qxc4 23. Qb2 Ra2 24. Ra1 Rxa1+ 25. Qxa1 g6 26. Bf1 Qc6 27.
Kg2 Kg7 28. Qe1 Nd7 29. Be2 Nb6 30. Qd2 Na4 31. c4 Nb6 32. Qd3 Nd7 33. Qd5 Qa6
34. Kf2 Qb6+ 35. c5 Qxb4 36. cxd6 Qxd6 37. Qxd6 cxd6 38. f4 Nf6 39. Ke3 Kf8 40.
h4 Nh5 41. Kf3 exf4 42. g4 Ng7 43. Kxf4 Ne6+ 44. Ke3 h6 45. Bc4 Ke7 46. Bb3 Kf6
47. Ba4 Ke5 48. Be8 g5 49. hxg5 Nxg5 50. Kd3 Nxe4 51. Bxf7 Nf2+ 52. Ke3 Nxg4+
53. Kf3 Nf6 54. Ba2 d5 55. Bb1 Ne4 56. Kg4 Nf6+ 57. Kf3 h5 58. Kg3 Kd4 59. Kh4
Ke3 60. Kg5 d4 61. Kxf6 h4 62. Bf5 d3 0-1

[Event "CCM8 - 15. ORDIX Open"]
[Site "Mainz"]
[Date "2008.??.??"]
[Round "11"]
[White "Bischoff, Klaus"]
[Black "Mchedlishvili, Mikheil"]
[Result "1/2-1/2"]
[WhiteElo "2545"]
[BlackElo "2604"]
[PlyCount "37"]
[EventDate "2008.??.??"]
[EventType "rapid"]
[EventRounds "11"]
[EventCountry "GER"]
[Source "Mike Rosa"]
[SourceDate "2009.01.01"]

1. c4 e5 2. Nc3 Bb4 3. Qc2 Nf6 4. e3 O-O 5. Nge2 c6 6. a3 Bxc3 7. Qxc3 Re8 8.
Ng3 d5 9. Be2 d4 10. Qc2 c5 11. O-O Nc6 12. d3 a5 13. b3 Be6 14. e4 Nd7 15. f4
exf4 16. Bxf4 Nde5 17. Qd2 Ng6 18. Nh5 f6 19. Bg3 1/2-1/2

[Event "CCM8 - 15. ORDIX Open"]
[Site "Mainz"]
[Date "2008.??.??"]
[Round "11"]
[White "Buhmann, Rainer"]
[Black "Nakamura, Hikaru"]
[Result "0-1"]
[WhiteElo "2561"]
[BlackElo "2697"]
[PlyCount "82"]
[EventDate "2008.??.??"]
[EventType "rapid"]
[EventRounds "11"]
[EventCountry "GER"]
[Source "Mike Rosa"]
[SourceDate "2009.01.01"]

1. Nf3 d6 2. d4 g6 3. c4 Bg7 4. e4 e5 5. Bg5 f6 6. Be3 Nh6 7. Be2 Nc6 8. d5 Ne7
9. Nfd2 f5 10. f3 c5 11. Nc3 Nf7 12. h4 h5 13. g4 hxg4 14. fxg4 Bf6 15. Bf2 Ng8
16. h5 f4 17. Qc2 gxh5 18. gxh5 Ngh6 19. O-O-O Ng4 20. Bxg4 Bxg4 21. Rdg1 Nh6
22. b4 b6 23. bxc5 bxc5 24. Qa4+ Kf7 25. Nb3 Bd7 26. Qa6 Qb6 27. Qxb6 axb6 28.
Bh4 Ng4 29. Bxf6 Kxf6 30. Kb2 Rh6 31. Nd2 Rah8 32. Nb5 Ke7 33. Rh4 Nf6 34. Rg7+
Kf8 35. Rg5 Nxh5 36. Nxd6 Ng3 37. Rxh6 Rxh6 38. Rxe5 Rxd6 39. Rg5 Rh6 40. Kc3
Rh3 41. Kc2 Rh2 0-1

[Event "CCM8 - 15. ORDIX Open"]
[Site "Mainz"]
[Date "2008.??.??"]
[Round "11"]
[White "Ivanisevic, Ivan"]
[Black "Meier, Georg"]
[Result "1-0"]
[WhiteElo "2664"]
[BlackElo "2556"]
[PlyCount "77"]
[EventDate "2008.??.??"]
[EventType "rapid"]
[EventRounds "11"]
[EventCountry "GER"]
[Source "Mike Rosa"]
[SourceDate "2009.01.01"]

1. d4 e6 2. c4 Nf6 3. g3 d5 4. Nf3 dxc4 5. Bg2 c6 6. Ne5 Bb4+ 7. Nc3 Nd5 8. O-O
Nxc3 9. bxc3 Bxc3 10. Ba3 Qxd4 11. Qxd4 Bxd4 12. Nxc4 Bxa1 13. Rxa1 f6 14. Nd6+
Kd7 15. Rd1 Kc7 16. Nf7 Re8 17. Bd6+ Kb6 18. Rd3 a5 19. Rb3+ Ka6 20. a4 e5 21.
Bc5 Nd7 22. Be3 Rb8 23. Nd6 Re6 24. Nb5 Nc5 25. Bxc5 b6 26. Nd6 Bd7 27. Nc4 b5
28. Bh3 Rbe8 29. axb5+ cxb5 30. Nxa5 b4 31. Bxb4 R6e7 32. Bg2 Ba4 33. Ra3 Rc7
34. Be4 Kb5 35. Bd2 Bd1 36. Bd3+ Kc5 37. Ra1 e4 38. Rc1+ Kd6 39. Bf4+ 1-0

[Event "CCM8 - 15. ORDIX Open"]
[Site "Mainz"]
[Date "2008.??.??"]
[Round "11"]
[White "Kazhgaleyev, Murtas"]
[Black "Jaracz, Pawel"]
[Result "1-0"]
[WhiteElo "2641"]
[BlackElo "2501"]
[PlyCount "47"]
[EventDate "2008.??.??"]
[EventType "rapid"]
[EventRounds "11"]
[EventCountry "GER"]
[Source "Mike Rosa"]
[SourceDate "2009.01.01"]

1. d4 Nf6 2. c4 e6 3. Nc3 Bb4 4. Qc2 O-O 5. e4 d6 6. Bd3 e5 7. a3 Bxc3+ 8. bxc3
Nfd7 9. Ne2 c5 10. d5 Nf6 11. f3 Kh8 12. g4 Ng8 13. h4 Nd7 14. Ng3 Ndf6 15. g5
Ne8 16. f4 exf4 17. Bxf4 f6 18. Qh2 Ne7 19. h5 b5 20. h6 g6 21. gxf6 bxc4 22.
fxe7 Qxe7 23. O-O cxd3 24. Bg5 1-0

[Event "CCM8 - 15. ORDIX Open"]
[Site "Mainz"]
[Date "2008.??.??"]
[Round "11"]
[White "Naiditsch, Arkadij"]
[Black "Berelovich, Aleksandar"]
[Result "1-0"]
[WhiteElo "2669"]
[BlackElo "2557"]
[PlyCount "117"]
[EventDate "2008.??.??"]
[EventType "rapid"]
[EventRounds "11"]
[EventCountry "GER"]
[Source "Mike Rosa"]
[SourceDate "2009.01.01"]

1. e4 e6 2. d4 d5 3. Nc3 Bb4 4. e5 c5 5. a3 Ba5 6. b4 cxd4 7. Nb5 Bc7 8. f4 Ne7
9. Nf3 Bd7 10. Nbxd4 Bb6 11. Bd3 Ba4 12. Be3 Nbc6 13. Qe2 Nxd4 14. Nxd4 Nc6 15.
c3 Nxd4 16. cxd4 Rc8 17. O-O g6 18. Rac1 O-O 19. Rxc8 Qxc8 20. g4 Qc3 21. Rc1
Qxa3 22. f5 Bxd4 23. Rf1 Qxb4 24. Rf4 Bxe3+ 25. Qxe3 d4 26. Rxd4 Qc5 27. f6 Bc6
28. Kf1 Re8 29. h4 Qf8 30. Rd6 Rd8 31. Qd4 Rxd6 32. exd6 a5 33. Bc2 Qa8 34. Kg1
a4 35. Qb6 a3 36. Bb3 Bd7 37. Qc7 Qc8 38. Kf2 b5 39. Ke3 Qxc7 40. dxc7 e5 41.
g5 Bf5 42. Bc2 Bc8 43. Bb3 Bf5 44. Ba2 Kf8 45. Bb1 Bc8 46. Ke4 Ke8 47. Ba2 Kd7
48. Bxf7 Kxc7 49. Kxe5 Kd8 50. Kd4 Bf5 51. Kc3 Bb1 52. Kb3 a2 53. Kb2 Kd7 54.
Bxa2 Bf5 55. Bf7 Kd6 56. Kc3 Ke5 57. Bg8 Kd6 58. Bxh7 Kc5 59. f7 1-0